| 000 | 00643nam a2200193 i 4500 | ||
|---|---|---|---|
| 001 | 128848 | ||
| 003 | ES-MaACL | ||
| 005 | 20230906193355.0 | ||
| 007 | t| | ||
| 008 | 070529s1970 sp ||||1| spa d | ||
| 080 | _a940.3 | ||
| 100 | 1 |
_aTaylor, A. J. P. _9109432 |
|
| 245 | 1 | 3 |
_aLa guerra planeada _b: así empezó la primera Guerra Mundial / _cA.J.P. Taylor ; [traducción de Sara Estrada]. |
| 260 |
_aBarcelona : _bNauta, _c[1970] |
||
| 300 |
_a127 p. con 11 lám. : _bil. ; _c22 cm. |
||
| 650 | 1 | 4 |
_aGuerra mundial, 1914-1918- _xCausas y antecedentes. _913216 |
| 700 | 1 |
_aEstrada, Sara. _948213 |
|
| 852 |
_aES-MaACL _jC-44199 _bR.78445 |
||
| 999 |
_c128848 _d128848 |
||